Music Quiz

Random Music or Clickable Quiz

One Word Bands by Definition Quiz Stats

 Plays Quiz Updated Apr 29, 2018

Challenge
Share
Tweet
Embed
Score 0/15 Timer 03:00
7 Plays Today
% Correct
Cake
98%
Eagles
97.9%
KISS
97.7%
Yes
97.4%
Queen
97.4%
Foreigner
97.4%
Rush
97%
Oasis
97%
% Correct
Poison
96.9%
Blur
96.9%
Journey
96.7%
Heart
94.9%
Muse
93.2%
Genesis
93%
Nirvana
92.9%

You're not logged in!

Compare scores with friends on all Sporcle quizzes.
Join for Free
OR
Log In

You Might Also Like...

Show Comments

Extras

Top Quizzes Today


Score Distribution

Your Account Isn't Verified!

In order to create a playlist on Sporcle, you need to verify the email address you used during registration. Go to your Sporcle Settings to finish the process.

Report this User

Report this user for behavior that violates our Community Guidelines.

Details: